[Event "33. Open Ciudad de San Sebastian"]
[Site "San Sebastián ESP"]
[Date "2010.04.02"]
[Round "7.28"]
[White "Rodriguez Lapetra, Pablo"]
[Black "Hernandez Lopez, Daniel"]
[Result "1-0"]
[WhiteElo "2105"]
[BlackElo "1955"]
[PlyCount "103"]
[EventDate "2010.03.28"]
[EventType "swiss"]
[EventRounds "9"]
[EventCountry "ESP"]
[Source "lmi"]
[SourceDate "2010.03.28"]

1. e4 c5 2. Nf3 Nc6 3. d4 cxd4 4. Nxd4 Nf6 5. Nc3 e5 6. Ndb5 d6 7. Bg5 a6 8.
Na3 b5 9. Nd5 Be7 10. Bxf6 Bxf6 11. c3 Bg5 12. Nc2 Rb8 13. Bd3 Be6 14. Ncb4
Nxb4 15. Nxb4 Qb6 16. a4 O-O 17. axb5 axb5 18. Ra6 Qb7 19. Ra5 Bd7 20. O-O Ra8
21. Rxa8 Rxa8 22. Bc2 Be7 23. Bb3 Rf8 24. Bd5 Qb6 25. Qb3 g6 26. Ra1 Kg7 27.
Ra6 Qc7 28. Nc6 Bxc6 29. Bxc6 b4 30. cxb4 Bd8 31. Qe3 Qe7 32. b5 Bc7 33. g3 Bb8
34. b6 h6 35. Bd5 Qg5 36. Qc3 Qd8 37. Qb3 Qe7 38. Qa2 Qd8 39. Kg2 Qe7 40. Ra7
Qf6 41. Rb7 g5 42. h3 h5 43. Be6 Kg6 44. Bf5+ Kg7 45. Qb3 Rd8 46. Qd5 Rf8 47.
b4 Kg8 48. Qd1 Qh6 49. Qc1 Qf6 50. Qd1 Qh6 51. Qd2 Qf6 52. b5 1-0

[Event "33. Open Ciudad de San Sebastian"]
[Site "San Sebastián ESP"]
[Date "2010.04.02"]
[Round "7.29"]
[White "Molina Rodriguez, Borja"]
[Black "Huerga Leache, Mikel"]
[Result "0-1"]
[WhiteElo "1941"]
[BlackElo "2446"]
[PlyCount "102"]
[EventDate "2010.03.28"]
[EventType "swiss"]
[EventRounds "9"]
[EventCountry "ESP"]
[Source "lmi"]
[SourceDate "2010.03.28"]

1. e4 g6 2. d4 Bg7 3. Nc3 d6 4. f4 a6 5. Nf3 b5 6. Bd3 Bb7 7. e5 e6 8. O-O Ne7
9. Ne4 O-O 10. Qe2 Nd7 11. Bd2 Bxe4 12. Bxe4 Rb8 13. Qf2 Re8 14. Qh4 Nb6 15.
Rad1 Nf5 16. Qxd8 Rexd8 17. g4 Ne7 18. Bc1 Na4 19. Kg2 c5 20. c3 cxd4 21. cxd4
Rbc8 22. Bb7 Rb8 23. Be4 dxe5 24. dxe5 Rbc8 25. Rd6 Nc5 26. Rfd1 Re8 27. Bb1
Nd5 28. Nd4 g5 29. f5 Bxe5 30. Rc6 Rxc6 31. Nxc6 Bxb2 32. fxe6 Nxe6 33. Bxg5
Nc3 34. Rd2 Ba1 35. Bh6 Nxb1 36. Rd1 Bg7 37. Bxg7 Kxg7 38. Rxb1 Rc8 39. Nb4 a5
40. Nd5 Rc2+ 41. Kg3 b4 42. a3 bxa3 43. Ra1 Rc5 44. Ne3 Rc3 45. Kf2 Nd4 46. Nd5
Rf3+ 47. Kg2 Rb3 48. Kf2 Nc2 49. Ra2 Rb2 50. Nc3 Rxa2 51. Nxa2 Nb4 0-1

[Event "33. Open Ciudad de San Sebastian"]
[Site "San Sebastián ESP"]
[Date "2010.04.02"]
[Round "7.30"]
[White "Perez Cameselle, Francisco"]
[Black "Alonso Arburu, Juan Ignacio"]
[Result "0-1"]
[WhiteElo "1958"]
[BlackElo "2372"]
[PlyCount "84"]
[EventDate "2010.03.28"]
[EventType "swiss"]
[EventRounds "9"]
[EventCountry "ESP"]
[Source "lmi"]
[SourceDate "2010.03.28"]

1. Nf3 b6 2. g3 Bb7 3. Bg2 g6 4. O-O Bg7 5. d3 f5 6. Nbd2 Nf6 7. e4 fxe4 8. Ng5
O-O 9. Ndxe4 Nc6 10. c3 Kh8 11. d4 Qc8 12. Nxf6 exf6 13. Nf3 d5 14. h4 Qf5 15.
Bf4 Qd7 16. Qd2 Rae8 17. Rfe1 Nd8 18. Bh6 Nf7 19. Bxg7+ Kxg7 20. Qf4 h6 21. Nh2
Bc8 22. Nf1 c6 23. Re3 g5 24. Qf3 Nd6 25. Rae1 Nc4 26. Rxe8 Rxe8 27. Rxe8 Qxe8
28. hxg5 hxg5 29. b3 Nd6 30. Ne3 Qg6 31. Qe2 Qb1+ 32. Kh2 Qc1 33. Nd1 Bf5 34.
Bf3 Be4 35. Bh5 Qc2 36. Qxc2 Bxc2 37. Ne3 Bb1 38. a4 Ba2 39. b4 a5 40. Kg2 Ne4
41. Be8 Nxc3 42. Bxc6 axb4 0-1

[Event "33. Open Ciudad de San Sebastian"]
[Site "San Sebastián ESP"]
[Date "2010.04.02"]
[Round "7.31"]
[White "Nelson, Jonathan P"]
[Black "Miguelez Garcia, Erlantz"]
[Result "1-0"]
[WhiteElo "2245"]
[BlackElo "1958"]
[PlyCount "93"]
[EventDate "2010.03.28"]
[EventType "swiss"]
[EventRounds "9"]
[EventCountry "ESP"]
[Source "lmi"]
[SourceDate "2010.03.28"]

1. e4 c5 2. c3 d5 3. exd5 Qxd5 4. d4 Nc6 5. Nf3 e5 6. dxe5 Qxd1+ 7. Kxd1 Bg4 8.
Bf4 Nge7 9. Be2 Ng6 10. Bg3 O-O-O+ 11. Nbd2 f6 12. Re1 h5 13. h3 h4 14. Bh2 Bf5
15. Bb5 Ncxe5 16. Nxe5 Nxe5 17. Bxe5 fxe5 18. Rxe5 g6 19. Ke1 a6 20. Bc4 Bd6
21. Re2 Rhe8 22. Rxe8 Rxe8+ 23. Kf1 b5 24. Be2 Bf4 25. Nb3 Bd6 26. c4 b4 27.
Rd1 Kc7 28. Rd5 Be4 29. Rd2 Bf4 30. Rd1 Bxg2+ 31. Kxg2 Rxe2 32. Kf3 Rxb2 33.
Kxf4 Rxf2+ 34. Ke4 Rxa2 35. Kd5 a5 36. Nxc5 b3 37. Nxb3 Ra3 38. Nd4 Rxh3 39. c5
Re3 40. c6 h3 41. Nb5+ Kc8 42. Rf1 Rd3+ 43. Kc5 g5 44. Rf8+ Rd8 45. Na7+ Kc7
46. Rf7+ Kb8 47. c7+ 1-0

[Event "33. Open Ciudad de San Sebastian"]
[Site "San Sebastián ESP"]
[Date "2010.04.02"]
[Round "7.32"]
[White "Kopischke, Maik"]
[Black "Bjerke, Silje"]
[Result "0-1"]
[WhiteElo "1911"]
[BlackElo "2218"]
[PlyCount "44"]
[EventDate "2010.03.28"]
[EventType "swiss"]
[EventRounds "9"]
[EventCountry "ESP"]
[Source "lmi"]
[SourceDate "2010.03.28"]

1. d4 Nf6 2. Nf3 g6 3. Nc3 d5 4. Bf4 Bg7 5. Qd2 O-O 6. Bh6 c5 7. Bxg7 Kxg7 8.
dxc5 Na6 9. Rd1 Be6 10. c6 bxc6 11. e4 Nc5 12. e5 Nfe4 13. Nxe4 Nxe4 14. Qc1
Qa5+ 15. c3 Qxa2 16. Bd3 Rab8 17. Bxe4 dxe4 18. Nd4 Rxb2 19. Qf4 c5 20. Nc6
Re2+ 21. Kf1 e3 22. fxe3 Bc4 0-1

[Event "33. Open Ciudad de San Sebastian"]
[Site "San Sebastián ESP"]
[Date "2010.04.02"]
[Round "7.33"]
[White "Nortes Hernandez, Pedro"]
[Black "Aranaz Portugues, Jose Carlos"]
[Result "0-1"]
[WhiteElo "1896"]
[BlackElo "2169"]
[PlyCount "54"]
[EventDate "2010.03.28"]
[EventType "swiss"]
[EventRounds "9"]
[EventCountry "ESP"]
[Source "lmi"]
[SourceDate "2010.03.28"]

1. e4 c6 2. d4 d5 3. Nc3 dxe4 4. Nxe4 Bf5 5. Ng3 Bg6 6. h4 h6 7. Nf3 Nd7 8. h5
Bh7 9. Bd3 Bxd3 10. Qxd3 e6 11. Bf4 Qa5+ 12. Bd2 Bb4 13. c3 Be7 14. c4 Qc7 15.
O-O-O Ngf6 16. Qe2 b5 17. cxb5 Rb8 18. Ne5 Rxb5 19. f4 O-O 20. Ne4 Rfb8 21.
Nxf6+ Nxf6 22. Nd3 Nd5 23. g3 c5 24. dxc5 Bxc5 25. Kb1 Bd4 26. b3 Rxb3+ 27.
axb3 Rxb3+ 0-1

[Event "33. Open Ciudad de San Sebastian"]
[Site "San Sebastián ESP"]
[Date "2010.04.02"]
[Round "7.35"]
[White "Corral Sierra, Javier"]
[Black "Arana Garate, Jon"]
[Result "0-1"]
[WhiteElo "2123"]
[BlackElo "1944"]
[PlyCount "56"]
[EventDate "2010.03.28"]
[EventType "swiss"]
[EventRounds "9"]
[EventCountry "ESP"]
[Source "lmi"]
[SourceDate "2010.03.28"]

1. c4 Nf6 2. Nf3 c6 3. g3 d5 4. b3 Bg4 5. Bg2 Nbd7 6. Bb2 e6 7. h3 Bh5 8. O-O
Bd6 9. d3 Qb6 10. e4 dxe4 11. dxe4 Bxg3 12. Bd4 Bxf3 13. Bxf3 c5 14. Bxf6 Bxf2+
15. Rxf2 gxf6 16. a4 Rd8 17. Raa2 Ne5 18. Rad2 Rg8+ 19. Rg2 Ke7 20. Rxg8 Rxg8+
21. Bg2 Rg3 22. a5 Qxb3 23. Kh2 Nxc4 24. Qh5 Rg5 25. Rd7+ Kxd7 26. Qxf7+ Kd6
27. e5+ Nxe5 28. Qf8+ Kd7 0-1

[Event "33. Open Ciudad de San Sebastian"]
[Site "San Sebastián ESP"]
[Date "2010.04.02"]
[Round "7.36"]
[White "Bas Mas, Jose Joaquin"]
[Black "Nogues Fernandez, Ramon"]
[Result "0-1"]
[WhiteElo "2051"]
[BlackElo "1894"]
[PlyCount "108"]
[EventDate "2010.03.28"]
[EventType "swiss"]
[EventRounds "9"]
[EventCountry "ESP"]
[Source "lmi"]
[SourceDate "2010.03.28"]

1. e4 e5 2. Nf3 Nc6 3. Bb5 a6 4. Ba4 Nf6 5. O-O Be7 6. Re1 b5 7. Bb3 O-O 8. c3
d5 9. exd5 Nxd5 10. Nxe5 Nxe5 11. Rxe5 c6 12. d4 Bd6 13. Re1 Qh4 14. g3 Qh3 15.
Qf3 Bf5 16. Be3 Rae8 17. Nd2 Bg4 18. Qg2 Qh5 19. Bxd5 cxd5 20. f3 Bd7 21. Bf2
b4 22. Rxe8 Rxe8 23. Re1 Rc8 24. Rc1 bxc3 25. Rxc3 Rxc3 26. bxc3 Bh3 27. Qh1
Qg5 28. f4 Bxf4 29. Nf3 Qf5 30. Ne1 Bd2 31. Qf3 Qxf3 32. Nxf3 Bxc3 33. Be3 Bf5
34. Nd2 Kf8 35. Kf2 Bd3 36. Kf3 Ke7 37. h4 Bc4 38. Nxc4 dxc4 39. Ke4 Be1 40.
Bf4 c3 41. Kd3 Ke6 42. h5 f5 43. Be5 g6 44. hxg6 hxg6 45. Bf4 Kd5 46. Be5 Bd2
47. Bc7 g5 48. Be5 f4 49. gxf4 Bxf4 50. Bxf4 gxf4 51. Kxc3 Ke4 52. a4 f3 53.
Kd2 Kxd4 54. a5 Ke4 0-1

[Event "33. Open Ciudad de San Sebastian"]
[Site "San Sebastián ESP"]
[Date "2010.04.02"]
[Round "7.37"]
[White "Navarro Rivas, Rashid"]
[Black "Baroja Arrue, Miguel Maria"]
[Result "1-0"]
[WhiteElo "2046"]
[BlackElo "1875"]
[PlyCount "107"]
[EventDate "2010.03.28"]
[EventType "swiss"]
[EventRounds "9"]
[EventCountry "ESP"]
[Source "lmi"]
[SourceDate "2010.03.28"]

1. e4 Nf6 2. e5 Nd5 3. d4 d6 4. Nf3 dxe5 5. Nxe5 c6 6. Qf3 Be6 7. c3 Nd7 8.
Nxd7 Qxd7 9. Nd2 Nf6 10. Nc4 Bd5 11. Qe2 Bxc4 12. Qxc4 e6 13. Bf4 Qd5 14. Qe2
Qe4 15. Qxe4 Nxe4 16. Bd3 Bd6 17. Bxd6 Nxd6 18. f4 Rd8 19. O-O O-O 20. Rfe1
Rfe8 21. Re3 Nf5 22. Re2 Ne7 23. Bc2 Nd5 24. g3 Kf8 25. Rae1 g6 26. Kf2 h5 27.
Kf3 Nf6 28. h3 Nd5 29. g4 hxg4+ 30. hxg4 Ne7 31. Rh1 Kg7 32. Reh2 Rh8 33. Rxh8
Rxh8 34. Rxh8 Kxh8 35. Ke4 f6 36. Bb3 Nd5 37. a3 Kg7 38. c4 f5+ 39. gxf5 exf5+
40. Ke5 Ne3 41. c5 Kf8 42. Kd6 Ng2 43. Kc7 Nxf4 44. Kxb7 Ne2 45. d5 Nd4 46.
dxc6 Nxb3 47. c7 Nxc5+ 48. Kc6 Ne4 49. c8=Q+ Kf7 50. Qb7+ Kf6 51. Qxa7 Kg5 52.
Qg1+ Kf6 53. Kd5 Kg7 54. a4 1-0

[Event "33. Open Ciudad de San Sebastian"]
[Site "San Sebastián ESP"]
[Date "2010.04.02"]
[Round "7.38"]
[White "Pasanen, Tuomo"]
[Black "Buiza Prieto, Aizbeltz"]
[Result "1-0"]
[WhiteElo "2041"]
[BlackElo "1812"]
[PlyCount "59"]
[EventDate "2010.03.28"]
[EventType "swiss"]
[EventRounds "9"]
[EventCountry "ESP"]
[Source "lmi"]
[SourceDate "2010.03.28"]

1. d4 f5 2. Qd3 d6 3. g4 fxg4 4. h3 Nf6 5. Bg5 Nc6 6. Bg2 d5 7. hxg4 Ne4 8. Bf4
e6 9. c3 Qf6 10. Nh3 Nd6 11. Nd2 e5 12. dxe5 Nxe5 13. Bxe5 Qxe5 14. f4 Qe7 15.
Ng5 Bxg4 16. Bxd5 O-O-O 17. O-O-O Bxe2 18. Qh3+ Kb8 19. Rde1 Re8 20. Rh2 Qf6
21. Rhxe2 Rxe2 22. Rxe2 c6 23. Bb3 Qxf4 24. Nf7 Nxf7 25. Re8+ Kc7 26. Qc8+ Kb6
27. Rxf8 Ne5 28. Rxh8 Qe3 29. Re8 Qg1+ 30. Bd1 1-0

[Event "33. Open Ciudad de San Sebastian"]
[Site "San Sebastián ESP"]
[Date "2010.04.02"]
[Round "7.39"]
[White "Garro Beraza, Julen"]
[Black "Fehr, Jukka"]
[Result "0-1"]
[WhiteElo "1881"]
[BlackElo "2024"]
[PlyCount "106"]
[EventDate "2010.03.28"]
[EventType "swiss"]
[EventRounds "9"]
[EventCountry "ESP"]
[Source "lmi"]
[SourceDate "2010.03.28"]

1. e4 e6 2. d3 c5 3. Nf3 Nc6 4. g3 d6 5. Bg2 Nge7 6. O-O g6 7. Be3 Bg7 8. c3
Rb8 9. Qd2 h6 10. d4 cxd4 11. Nxd4 a6 12. c4 Ne5 13. Qe2 O-O 14. f4 N5c6 15.
Qd2 Qc7 16. Na3 Rd8 17. Rac1 b6 18. Rfd1 Bb7 19. Qf2 Ba8 20. Ndb5 axb5 21. cxb5
Qa7 22. bxc6 Bxc6 23. Nc4 Qxa2 24. Bxb6 Rd7 25. Bd4 Bxd4 26. Rxd4 d5 27. exd5
exd5 28. Ne3 Rxb2 29. Rc2 Rxc2 30. Qxc2 Qxc2 31. Nxc2 Nf5 32. Rd2 Bb7 33. Kf2
h5 34. Nb4 Ne7 35. Nd3 Rc7 36. Nb4 Rc5 37. Nd3 Rb5 38. Bf3 f6 39. Ke2 Kf7 40.
Ra2 Nf5 41. Kf2 Ke6 42. Bg2 Kd6 43. Rc2 Nd4 44. Rd2 Nf5 45. Rc2 d4 46. Bxb7
Rxb7 47. Nc5 Re7 48. Nd3 Rc7 49. Ra2 Kd5 50. Ke2 Ne3 51. Kf3 Kc4 52. Rd2 Kc3
53. Ke2 Re7 0-1

[Event "33. Open Ciudad de San Sebastian"]
[Site "San Sebastián ESP"]
[Date "2010.04.02"]
[Round "7.41"]
[White "Zaballa Zarzosa, Jon"]
[Black "Tome Vazquez, Oscar"]
[Result "1/2-1/2"]
[WhiteElo "1872"]
[BlackElo "2015"]
[PlyCount "113"]
[EventDate "2010.03.28"]
[EventType "swiss"]
[EventRounds "9"]
[EventCountry "ESP"]
[Source "lmi"]
[SourceDate "2010.03.28"]

1. e4 g6 2. d4 Bg7 3. Nc3 c6 4. Be3 d5 5. e5 Nh6 6. Qd2 Nf5 7. Bf4 h5 8. Nf3 b6
9. O-O-O e6 10. Kb1 Ba6 11. Bxa6 Nxa6 12. Rhe1 Nc7 13. Bg5 Qc8 14. Bf6 a5 15.
Ng5 Bxf6 16. exf6 Qd8 17. Qf4 Qd6 18. Re5 Rd8 19. Rde1 Kf8 20. Ne2 c5 21. c3
Qd7 22. Qd2 cxd4 23. Nf4 dxc3 24. Qxc3 d4 25. Nxg6+ fxg6 26. Qxc7 Qxc7 27.
Nxe6+ Kf7 28. Nxc7 Kxf6 29. Nd5+ Kg7 30. Nf4 Rd6 31. Rd1 Kf6 32. Nd3 Rc8 33.
Re4 g5 34. f3 Ne3 35. Rd2 b5 36. Ne5 Rcd8 37. g4 h4 38. f4 gxf4 39. Nf3 d3 40.
Rxf4+ Kg7 41. Nxh4 Nc4 42. Rd1 Ne3 43. Rd2 Rd4 44. Rf3 Nc4 45. Rd1 Rxg4 46.
Nf5+ Kh7 47. Rfxd3 Rxd3 48. Rxd3 Rg1+ 49. Kc2 Rg2+ 50. Kc3 Rxb2 51. Nd6 Rb4 52.
Nxb5 Ne5 53. Rd5 Rc4+ 54. Kb2 Rb4+ 55. Kc3 Rc4+ 56. Kb2 Rb4+ 57. Kc3 1/2-1/2

[Event "33. Open Ciudad de San Sebastian"]
[Site "San Sebastián ESP"]
[Date "2010.04.02"]
[Round "7.42"]
[White "Segura Del Frago, Imanol"]
[Black "Navarro Vallejo, Jonathan"]
[Result "1-0"]
[WhiteElo "2010"]
[BlackElo "1795"]
[PlyCount "65"]
[EventDate "2010.03.28"]
[EventType "swiss"]
[EventRounds "9"]
[EventCountry "ESP"]
[Source "lmi"]
[SourceDate "2010.03.28"]

1. e4 c5 2. Nf3 Nc6 3. d4 cxd4 4. Nxd4 d6 5. Nc3 a6 6. Be3 Nf6 7. f3 Nxd4 8.
Qxd4 e5 9. Qd2 Be7 10. O-O-O b5 11. g4 Be6 12. Kb1 Qa5 13. g5 b4 14. Nd5 Nxd5
15. exd5 Bf5 16. Bd3 Bg6 17. h4 Bh5 18. Be4 Qb5 19. Rdf1 a5 20. f4 exf4 21.
Rxf4 O-O 22. Bf3 Bxf3 23. Rxf3 a4 24. h5 b3 25. cxb3 axb3 26. a3 Rac8 27. g6
Rc2 28. gxh7+ Kxh7 29. Qd4 Qe2 30. h6 Qg2 31. Qxg7+ Qxg7 32. hxg7+ Kxg7 33.
Rg1+ 1-0

[Event "33. Open Ciudad de San Sebastian"]
[Site "San Sebastián ESP"]
[Date "2010.04.02"]
[Round "7.43"]
[White "Saenz Zabala, Juan Ignacio"]
[Black "Lopez Heras, Arturo"]
[Result "1/2-1/2"]
[WhiteElo "1845"]
[BlackElo "2001"]
[PlyCount "95"]
[EventDate "2010.03.28"]
[EventType "swiss"]
[EventRounds "9"]
[EventCountry "ESP"]
[Source "lmi"]
[SourceDate "2010.03.28"]

1. e4 c5 2. f4 d5 3. exd5 Nf6 4. Bb5+ Nbd7 5. Nc3 a6 6. Bxd7+ Qxd7 7. Nf3 Nxd5
8. Nxd5 Qxd5 9. O-O e6 10. d3 b5 11. c4 Qd6 12. Qe2 Be7 13. b3 O-O 14. Ng5 Bb7
15. Bb2 Rad8 16. Rad1 h6 17. Ne4 Bxe4 18. Qxe4 Rfe8 19. Qf3 Bf8 20. Qg4 Kh7 21.
Rf3 f5 22. Qg3 Rd7 23. Qe1 g6 24. Be5 Qb6 25. Bc3 b4 26. Bb2 Qd6 27. Be5 Qe7
28. d4 Red8 29. Rfd3 Qf7 30. Kf1 a5 31. Qe2 h5 32. dxc5 Bxc5 33. Rxd7 Rxd7 34.
Rd3 Qe7 35. Qd2 Rxd3 36. Qxd3 Kh6 37. Qf3 Qd7 38. Ke2 Be7 39. Qa8 a4 40. Qxa4
Qb7 41. Qe8 Qxg2+ 42. Kd1 Qg1+ 43. Ke2 Qxh2+ 44. Kd3 Qg3+ 45. Kc2 Qf2+ 46. Kd3
Qf3+ 47. Kc2 Qe2+ 48. Kc1 1/2-1/2

[Event "33. Open Ciudad de San Sebastian"]
[Site "San Sebastián ESP"]
[Date "2010.04.02"]
[Round "7.44"]
[White "Iglesias Gonzalez, Veronica"]
[Black "Rodriguez Cabrera, Fco  Javier"]
[Result "0-1"]
[WhiteElo "1803"]
[BlackElo "1962"]
[PlyCount "68"]
[EventDate "2010.03.28"]
[EventType "swiss"]
[EventRounds "9"]
[EventCountry "ESP"]
[Source "lmi"]
[SourceDate "2010.03.28"]

1. c4 e5 2. Nc3 Nf6 3. d3 g6 4. Nf3 Nc6 5. g3 Bg7 6. Bg2 O-O 7. O-O d5 8. cxd5
Nxd5 9. Ng5 Nde7 10. Be3 Nd4 11. Nge4 Rb8 12. Qa4 Nec6 13. f4 b5 14. Qd1 b4 15.
Na4 Bg4 16. Bf3 Nf5 17. Bc5 Bxf3 18. exf3 Re8 19. fxe5 Bxe5 20. Bf2 Bd4 21. f4
Ne3 22. Bxe3 Bxe3+ 23. Kg2 Rb5 24. Qe2 Bd4 25. Rac1 Qd5 26. Qc2 Na5 27. Rf3 c5
28. b3 f5 29. Ng5 Re3 30. Rcf1 Rb7 31. Kh3 Rbe7 32. Qd1 Re2 33. Ne4 fxe4 34.
Qxe2 Qh5+ 0-1

[Event "33. Open Ciudad de San Sebastian"]
[Site "San Sebastián ESP"]
[Date "2010.04.02"]
[Round "7.45"]
[White "D Anna Razzetti, Juan Pablo"]
[Black "Martinez Pelaez, David"]
[Result "1-0"]
[WhiteElo "1804"]
[BlackElo "1960"]
[PlyCount "141"]
[EventDate "2010.03.28"]
[EventType "swiss"]
[EventRounds "9"]
[EventCountry "ESP"]
[Source "lmi"]
[SourceDate "2010.03.28"]

1. d4 Nf6 2. c4 e5 3. dxe5 Ng4 4. Bf4 Bb4+ 5. Nc3 Nc6 6. Nf3 Qe7 7. Qd5 f6 8.
exf6 Nxf6 9. Qd1 O-O 10. e3 Ne4 11. Qd5+ Kh8 12. Be5 Nxf2 13. Bxg7+ Qxg7 14.
Kxf2 Bxc3 15. bxc3 Qxc3 16. Be2 d6 17. Rhc1 Qg7 18. Rab1 Rf5 19. Qe4 Rf8 20.
Qh4 b6 21. Qg3 Qh6 22. Rb3 Bb7 23. Kg1 Rg8 24. Qh4 Qg7 25. g3 Rae8 26. Rf1 Na5
27. Rb5 Bxf3 28. Rxf3 Re5 29. Bd3 Nc6 30. Be4 Rxb5 31. cxb5 Ne5 32. Rf1 Ng4 33.
Bd5 Re8 34. Rf7 Qa1+ 35. Rf1 Qg7 36. Rf7 Qg6 37. e4 Ne3 38. Qf6+ Qxf6 39. Rxf6
Nxd5 40. exd5 Kg7 41. Rf2 Re1+ 42. Kg2 Rd1 43. Rc2 Rxd5 44. Rxc7+ Kg6 45. a4
Rd2+ 46. Kf3 Rxh2 47. Rxa7 Ra2 48. Ra6 Kf5 49. Rxb6 Ra3+ 50. Kf2 Rxa4 51. Rxd6
Ra2+ 52. Ke3 Kg4 53. Rh6 Ra7 54. Kd4 Kxg3 55. b6 Rg7 56. Kc5 Kg4 57. Kc6 Kg5
58. Rh1 Rg6+ 59. Kc7 Rg7+ 60. Kb8 Rg8+ 61. Ka7 Rg7+ 62. b7 Rxb7+ 63. Kxb7 h5
64. Kc6 h4 65. Kd5 Kg4 66. Ke4 Kg3 67. Ke3 h3 68. Rg1+ Kh2 69. Rg4 Kh1 70. Kf3
h2 71. Rd4 1-0

[Event "33. Open Ciudad de San Sebastian"]
[Site "San Sebastián ESP"]
[Date "2010.04.02"]
[Round "7.46"]
[White "Cantabrana Garona, Alejandro"]
[Black "Korhonen, Pasi"]
[Result "0-1"]
[WhiteElo "1780"]
[BlackElo "2102"]
[PlyCount "48"]
[EventDate "2010.03.28"]
[EventType "swiss"]
[EventRounds "9"]
[EventCountry "ESP"]
[Source "lmi"]
[SourceDate "2010.03.28"]

1. c4 e5 2. g3 Nf6 3. Bg2 Nc6 4. e3 d5 5. cxd5 Nxd5 6. a3 Be7 7. Nc3 Nxc3 8.
bxc3 Qd3 9. Qe2 Qc2 10. Qc4 O-O 11. Be4 Be6 12. Qxc6 Qxc1+ 13. Rxc1 bxc6 14.
Bxc6 Rab8 15. Ra1 Rb6 16. Be4 f5 17. Bc2 Bd5 18. f3 f4 19. gxf4 exf4 20. e4 Bc4
21. d3 Bh4+ 22. Kd2 Rd8 23. Rb1 Bxd3 24. Nh3 Bf1+ 0-1

[Event "33. Open Ciudad de San Sebastian"]
[Site "San Sebastián ESP"]
[Date "2010.04.02"]
[Round "7.47"]
[White "Aguado Zabaleta, Felix"]
[Black "Thomassen, Thomas"]
[Result "1/2-1/2"]
[WhiteElo "1775"]
[BlackElo "2041"]
[PlyCount "78"]
[EventDate "2010.03.28"]
[EventType "swiss"]
[EventRounds "9"]
[EventCountry "ESP"]
[Source "lmi"]
[SourceDate "2010.03.28"]

1. d4 Nf6 2. c4 g6 3. Nc3 Bg7 4. e4 d6 5. Nf3 O-O 6. Bg5 Nbd7 7. Bd3 c5 8. d5
h6 9. Bd2 Ng4 10. Rc1 Nge5 11. Nxe5 Nxe5 12. Be2 f5 13. f4 Ng4 14. h3 Nf6 15.
e5 dxe5 16. fxe5 Ne4 17. Nxe4 fxe4 18. e6 Qd6 19. Qb3 b5 20. Qe3 bxc4 21. Bxc4
Bxb2 22. Rc2 Bd4 23. Qxe4 Qg3+ 24. Kd1 Rb8 25. Bd3 Kg7 26. h4 h5 27. Bg5 Rf5
28. Qe2 Rxd5 29. Qe4 Rf5 30. Qe2 Re5 31. Qd2 Rxe6 32. Rf1 Rb1+ 33. Rc1 Rb2 34.
Bh6+ Kh7 35. Rf7+ Kh8 36. Rf8+ Kh7 37. Rf7+ Kh8 38. Rf8+ Kh7 39. Rf7+ Kh8
1/2-1/2

[Event "33. Open Ciudad de San Sebastian"]
[Site "San Sebastián ESP"]
[Date "2010.04.02"]
[Round "7.48"]
[White "Etxeberria Iriondo, Sabino"]
[Black "Espin Laborde, Jesus Maria"]
[Result "1/2-1/2"]
[WhiteElo "1958"]
[BlackElo "1796"]
[PlyCount "65"]
[EventDate "2010.03.28"]
[EventType "swiss"]
[EventRounds "9"]
[EventCountry "ESP"]
[Source "lmi"]
[SourceDate "2010.03.28"]

1. e4 c5 2. Nc3 d6 3. g3 Nc6 4. Bc4 e6 5. d3 Nf6 6. Bg5 Be7 7. f4 h6 8. Bxf6
Bxf6 9. Nf3 a6 10. Qd2 b5 11. Bb3 b4 12. Nd1 Bd7 13. c4 Nd4 14. O-O a5 15. Bc2
Bc6 16. Rb1 a4 17. Ne3 h5 18. Bd1 a3 19. b3 Qc7 20. Nxd4 Bxd4 21. Bf3 O-O-O 22.
Kg2 Bxe3 23. Qxe3 g6 24. d4 Qb6 25. Rbd1 Kc7 26. Kf2 cxd4 27. Qxd4 Qxd4+ 28.
Rxd4 e5 29. Rd2 f6 30. fxe5 fxe5 31. Ke3 Rhf8 32. Bg2 Rxf1 33. Bxf1 1/2-1/2

[Event "33. Open Ciudad de San Sebastian"]
[Site "San Sebastián ESP"]
[Date "2010.04.02"]
[Round "7.49"]
[White "Cendagortagalarza Rodriguez, Jo"]
[Black "Tung, Kai Ming"]
[Result "0-1"]
[WhiteElo "1685"]
[BlackElo "1957"]
[PlyCount "72"]
[EventDate "2010.03.28"]
[EventType "swiss"]
[EventRounds "9"]
[EventCountry "ESP"]
[Source "lmi"]
[SourceDate "2010.03.28"]

1. e4 e6 2. b3 d5 3. Bb2 dxe4 4. Nc3 Nf6 5. Qe2 Bd7 6. Nxe4 Be7 7. O-O-O a5 8.
Nxf6+ Bxf6 9. d4 a4 10. Kb1 axb3 11. axb3 c6 12. Nf3 Qa5 13. Qe3 h6 14. h4 Be7
15. Be2 Na6 16. Bxa6 Qxa6 17. Ne5 Qa2+ 18. Kc1 Ba3 19. Bxa3 Qxa3+ 20. Kd2 Qe7
21. Nxd7 Qxd7 22. Ra1 Rd8 23. Kc3 O-O 24. Rhd1 Qe7 25. Kb2 Qxh4 26. g3 Qf6 27.
f4 c5 28. g4 cxd4 29. Qd3 Rc8 30. g5 hxg5 31. fxg5 Qxg5 32. Rh1 Qf5 33. Qe2 d3
34. cxd3 Qf6+ 35. d4 Qxd4+ 36. Kb1 Rc3 0-1

[Event "33. Open Ciudad de San Sebastian"]
[Site "San Sebastián ESP"]
[Date "2010.04.02"]
[Round "7.50"]
[White "Tirado Parra, Alberto"]
[Black "Lazkano Gaite, Tomas"]
[Result "1-0"]
[WhiteElo "1943"]
[BlackElo "1741"]
[PlyCount "85"]
[EventDate "2010.03.28"]
[EventType "swiss"]
[EventRounds "9"]
[EventCountry "ESP"]
[Source "lmi"]
[SourceDate "2010.03.28"]

1. e4 c5 2. Qe2 e5 3. Nf3 Nc6 4. g3 d5 5. exd5 Qxd5 6. Nc3 Qe6 7. Bg2 Bd6 8.
Ne4 Nge7 9. O-O O-O 10. Nfg5 Qg6 11. Nxd6 Qxg5 12. d3 Qg6 13. Nxc8 Raxc8 14.
Be3 Qd6 15. c3 Rfd8 16. Rad1 Qg6 17. Bxc5 Nd5 18. d4 b6 19. dxe5 Nxc3 20. bxc3
bxc5 21. Rxd8+ Nxd8 22. f4 h6 23. Rd1 Ne6 24. Rd6 Qb1+ 25. Rd1 Qb6 26. f5 c4+
27. Kh1 Ng5 28. h4 Nh7 29. f6 gxf6 30. Qg4+ Kh8 31. Qxc8+ Kg7 32. Qg4+ Kh8 33.
Qc8+ Kg7 34. Qg4+ Kh8 35. Be4 fxe5 36. Qf5 Nf6 37. Qxe5 Qf2 38. Bg2 Kg7 39. Rf1
Qb6 40. g4 Qd8 41. g5 hxg5 42. Qxg5+ Kf8 43. Qxf6 1-0

[Event "33. Open Ciudad de San Sebastian"]
[Site "San Sebastián ESP"]
[Date "2010.04.02"]
[Round "7.51"]
[White "Bas Sanchez, Jose Joaquin"]
[Black "Fernandez Zubitur, Jokin"]
[Result "0-1"]
[WhiteElo "1764"]
[BlackElo "1908"]
[PlyCount "64"]
[EventDate "2010.03.28"]
[EventType "swiss"]
[EventRounds "9"]
[EventCountry "ESP"]
[Source "lmi"]
[SourceDate "2010.03.28"]

1. e4 e5 2. Nf3 Nc6 3. Bb5 a6 4. Ba4 Nf6 5. O-O Be7 6. Re1 b5 7. Bb3 d6 8. h3
Na5 9. c3 Nxb3 10. axb3 Bb7 11. d3 O-O 12. Nbd2 Nd7 13. Nf1 f5 14. exf5 Rxf5
15. Ng3 Bxf3 16. gxf3 Rf7 17. c4 c6 18. Bd2 Nc5 19. Bc3 Ne6 20. d4 Ng5 21. Kg2
Nxf3 22. Re2 b4 23. Bxb4 Nxd4 24. Re4 Qb6 25. Ba5 Qxb3 26. Bc3 Qxc4 27. Bxd4
exd4 28. Rxd4 Qb5 29. Qd2 Raf8 30. Rf1 d5 31. Qc2 Bc5 32. Rh4 Rxf2+ 0-1

[Event "33. Open Ciudad de San Sebastian"]
[Site "San Sebastián ESP"]
[Date "2010.04.02"]
[Round "7.52"]
[White "Sanchez Merino, Christian"]
[Black "Tung, Siu Hung"]
[Result "0-1"]
[WhiteElo "1623"]
[BlackElo "1864"]
[PlyCount "52"]
[EventDate "2010.03.28"]
[EventType "swiss"]
[EventRounds "9"]
[EventCountry "ESP"]
[Source "lmi"]
[SourceDate "2010.03.28"]

1. e4 g6 2. d4 Bg7 3. c4 d6 4. Nf3 Nf6 5. Nc3 c5 6. dxc5 Qa5 7. Qa4+ Qxa4 8.
Nxa4 Nxe4 9. cxd6 Nxd6 10. Bd2 Bd7 11. Nc3 Bc6 12. O-O-O Nd7 13. Bf4 Ne4 14.
Nxe4 Bxe4 15. Be2 Rc8 16. h4 b5 17. b3 Nb6 18. h5 bxc4 19. b4 Nd5 20. Rxd5 Bxd5
21. Rd1 e6 22. h6 Bf6 23. g4 O-O 24. g5 Be7 25. Ne5 Rfd8 26. Ng4 Be4 0-1